International cooperation in Cold War Europe : (Record no. 5509)

MARC details
000 -LEADER
fixed length control field 01533nam a22003377a 4500
003 - CONTROL NUMBER IDENTIFIER
control field OSt
005 - DATE AND TIME OF LATEST TRANSACTION
control field 20260204165153.0
007 - PHYSICAL DESCRIPTION FIXED FIELD--GENERAL INFORMATION
fixed length control field a
008 - FIXED-LENGTH DATA ELEMENTS--GENERAL INFORMATION
fixed length control field 260130b |||||||| |||| 00| 0 eng d
020 ## - INTERNATIONAL STANDARD BOOK NUMBER
International Standard Book Number 9781350228054
040 ## - CATALOGING SOURCE
Original cataloging agency Foundation University
Language of cataloging eng
Transcribing agency Foundation University
Modifying agency FULib
Description conventions rda
050 ## - LIBRARY OF CONGRESS CALL NUMBER
Classification number HC 240
Item number .2021 S75
100 ## - MAIN ENTRY--PERSONAL NAME
Personal name Stinsky, Daniel,
Relator term author
9 (RLIN) 14516
245 00 - TITLE STATEMENT
Title International cooperation in Cold War Europe :
Remainder of title the United Nations economic commission for Europe, 1974-64 /
Statement of responsibility, etc. Daniel Stinsky.
260 ## - PUBLICATION, DISTRIBUTION, ETC.
Place of publication, distribution, etc. London ;
-- New York :
Name of publisher, distributor, etc. Bloomsbury Academic,
Date of publication, distribution, etc. 2021.
264 ## - PRODUCTION, PUBLICATION, DISTRIBUTION, MANUFACTURE, AND COPYRIGHT NOTICE
Copyright Date 2021.
300 ## - PHYSICAL DESCRIPTION
Materials specified resource
Extent xi, 343 pages :
Other physical details illustrations ;
Dimensions 23 cm.
Type of unit volume
336 ## - CONTENT TYPE
Source rdacontent
Content type term text
Content type code txt
337 ## - MEDIA TYPE
Source rdamedia
Media type term unmediated
Media type code n
338 ## - CARRIER TYPE
Source rdacarrier
Materials specified resource
Carrier type term volume
Carrier type code nc
490 ## - SERIES STATEMENT
Series statement Histories of internationalism.
504 ## - BIBLIOGRAPHY, ETC. NOTE
Bibliography, etc. note Includes bibliographical references and index.
650 ## - SUBJECT ADDED ENTRY--TOPICAL TERM
Source of heading or term LC
Topical term or geographic name entry element United Nations. Economic commission for Europe
Form subdivision History
9 (RLIN) 14517
650 ## - SUBJECT ADDED ENTRY--TOPICAL TERM
Source of heading or term LC
Topical term or geographic name entry element Economic development
Form subdivision International cooperation
Geographic subdivision Europe
9 (RLIN) 14518
650 ## - SUBJECT ADDED ENTRY--TOPICAL TERM
Source of heading or term LC
Topical term or geographic name entry element Cold war
Form subdivision Economic aspect
9 (RLIN) 14519
650 ## - SUBJECT ADDED ENTRY--TOPICAL TERM
Source of heading or term LC
Topical term or geographic name entry element International economic relations
9 (RLIN) 14520
651 ## - SUBJECT ADDED ENTRY--GEOGRAPHIC NAME
Source of heading or term LC
Geographic name Europe
Form subdivision Economic conditions
Chronological subdivision 1945.
9 (RLIN) 14521
658 ## - INDEX TERM--CURRICULUM OBJECTIVE
Main curriculum objective Political Science, Master of Arts in.
Subordinate curriculum objective European Politics ;
Curriculum code POL334
856 ## - ELECTRONIC LOCATION AND ACCESS
Uniform Resource Identifier <a href="https://drive.google.com/file/d/1Vo6k6IiM-cAmUmMUg_aXBgpUw3TEjg5_/view?usp=sharing">https://drive.google.com/file/d/1Vo6k6IiM-cAmUmMUg_aXBgpUw3TEjg5_/view?usp=sharing</a>
Link text Click here to view the table of content
942 ## - ADDED ENTRY ELEMENTS (KOHA)
Source of classification or shelving scheme Library of Congress Classification
Koha item type Books
Classification part HC 240
Item part .2021 S75
Call number prefix (CAS-PS)
Suppress in OPAC No
Holdings
Uniform Resource Identifier Withdrawn status Lost status Source of classification or shelving scheme Damaged status Not for loan Collection code Home library Current library Shelving location Date acquired Source of acquisition Total Checkouts Full call number Barcode Date last seen Price effective from Koha item type Accession Number
https://drive.google.com/file/d/1Vo6k6IiM-cAmUmMUg_aXBgpUw3TEjg5_/view?usp=sharing     Library of Congress Classification   Preservation Copy Non-fiction Foundation University Library Foundation University Library CoArts & Sciences 01/30/2026 QT   (CAS-PS) HC 240 .2021 S75 0072026015019 01/30/2026 01/30/2026 Books CAS-PS-2026019
https://drive.google.com/file/d/1Vo6k6IiM-cAmUmMUg_aXBgpUw3TEjg5_/view?usp=sharing     Library of Congress Classification   Room Use Only Non-fiction Foundation University Library Foundation University Library CoArts & Sciences 01/30/2026 QT   (CAS-PS) HC 240 .2021 S75 c2 0072026015020 01/30/2026 01/30/2026 Books CAS-PS-2026020
https://drive.google.com/file/d/1Vo6k6IiM-cAmUmMUg_aXBgpUw3TEjg5_/view?usp=sharing     Library of Congress Classification     Non-fiction Foundation University Library Foundation University Library CoArts & Sciences 01/30/2026 QT   (CAS-PS) HC 240 .2021 S75 c3 0072026015021 01/30/2026 01/30/2026 Books CAS-PS-2026021